| 000 | 00816cam a2200241 4500 | ||
|---|---|---|---|
| 001 | ABS65286 | ||
| 008 | 020403n2002 000 0 eng u | ||
| 035 | _a(Sirsi) u117327 | ||
| 100 | _aBartlett, K. | ||
| 245 | _aCRoW Act 2000 and it's impact on SSSI management agreements | ||
| 260 | _c2002 | ||
| 490 |
_aRICS Rural Professional _v(7) February/March 2002, 30-31(2) |
||
| 520 | _aSets out the main points concerning the CRoW Act 2000 and SSSI (Sites of Specific Scientific Interest) management agreements. | ||
| 590 | _aABS | ||
| 650 | _aCOUNTRYSIDE AND RIGHTS OF WAY ACT 2000 | ||
| 650 | _aSITES OF SPECIFIC SCIENTIFIC INTEREST | ||
| 650 | _aSSSI MANAGEMENT AGREEMENTS | ||
| 650 | _aMANAGEMENT AGREEMENTS | ||
| 650 | _aENGLISH NATURE | ||
| 650 | _aPAYMENTS | ||
| 690 |
_aRural _96268 |
||
| 942 | _n0 | ||
| 999 |
_c69899 _d69899 |
||